000 02138nam a2200241 a 4500
001 16158472
008 190612s2010 ||||||||||||||||| || u
010 _a2010010995
020 _a9780123820020
020 _a0123820022 (alk. paper)
050 _aQH 541.5.L3 Lak
100 _aLikens, Gene E
245 1 0 _aLake ecosystem ecology: a global perspective, a derivative of Encyclopedia of inland waters
_cedited by Gene E. Likens.
260 _aAmsterdam ; Boston
_bElsevier Academic Press
_c2010
300 _axiii, 463 pages : illustrated (some col.), maps (some col.)
350 _a104.00
500 _a"Material in this work originally appeared in Encyclopedia of Inland Waters by Gene E. Likens  (Elsevier Inc. 2009) "--T.p. verso. Includes bibliographical references and index.
505 _aLake ecosystems: structure, function and change -- Hydrodynamics and mixing in lakes -- Lakes and reservoirs of the world -- Lakes and reservoirs: pollution, management and services.
520 _a"A derivative of the Encyclopedia of Inland Waters, Lake Ecosystem Ecology examines the workings of the lake and reservoir ecosystems of our planet. Information and perspectives crucial to the understanding and management of current environmental problems are covered, such as eutrophication, acid rain and climate change. Because the articles are drawn from an encyclopedia, the articles are easily accessible to interested members of the public, such as conservationists and environmental decision makers. It includes an up-to-date summary of global aquatic ecosystems and issues; covers current environmental problems and management solutions; and features full-color figures and tables to support the text and aid in understanding."--Publisher's description.
650 0 _aLAKE ECOLOGY
995 _aMAIN LIBRARY OPEN ACCESS
_e749174
_FCBU-MAIN LIBRARY (Kitwe)
_I104.00
_jQH 541.5.L3 Lak
_M2
_UAVAILABLE
_WJun 12, 2019
_y749174
_ZMain Library Open Access Collection
995 _aMAIN LIBRARY OPEN ACCESS
_e749173
_FCBU-MAIN LIBRARY (Kitwe)
_I104.00
_jQH 541.5.L3 Lak
_M1
_UAVAILABLE
_WJun 12, 2019
_y749173
_ZMain Library Open Access Collection
999 _c80574
_d80574